Conicity problem in radial tyre (Record no. 56165)

MARC details
000 -LEADER
fixed length control field 00303nam a2200121Ia 4500
100 ## - MAIN ENTRY--AUTHOR NAME
Personal name Majumdar Samir
245 #0 - TITLE STATEMENT
Title Conicity problem in radial tyre
260 ## - PUBLICATION, DISTRIBUTION, ETC. (IMPRINT)
Name of publisher The Rubber International
Year of publication 2013
300 ## - PHYSICAL DESCRIPTION
Number of Pages 39-49
650 ## - SUBJECT ADDED ENTRY--TOPICAL TERM
Topical Term Radial tyre
942 ## - ADDED ENTRY ELEMENTS (KOHA)
Koha item type Journals
Holdings
Withdrawn status Lost status Damaged status Not for loan Home library Current library Shelving location Date acquired Serial Enumeration / chronology Koha item type
      Journals RRII Library RRII Library Rubber technology 13/08/2013 Volume 15, Issue 7 Journals